Anti-bacterial and Cytotoxic Effects Of King Cobra (Ophiophagus Hannah) Venom L-Amino Acid Oxidase /
محفوظ في:
| المؤلف الرئيسي: | |
|---|---|
| التنسيق: | أطروحة كتاب |
| اللغة: | English |
| منشور في: |
2014.
|
| الموضوعات: | |
| الوصول للمادة أونلاين: | http://studentsrepo.um.edu.my/id/eprint/4582 |
| الوسوم: |
إضافة وسم
لا توجد وسوم, كن أول من يضع وسما على هذه التسجيلة!
|
| LEADER | 01275cam a2200325 i 4500 | ||
|---|---|---|---|
| 001 | u1006254 | ||
| 003 | SIRSI | ||
| 005 | 201605171058 | ||
| 008 | 160517t2014 my a b 000 0 eng b | ||
| 040 | |a UMP |d AUM |e rda | ||
| 096 | |a QU4 |b UM 2014 Lee | ||
| 100 | 1 | |a Lee Mui Li. | |
| 245 | 1 | 0 | |a Anti-bacterial and Cytotoxic Effects Of King Cobra (Ophiophagus Hannah) Venom L-Amino Acid Oxidase / |c Lee Mui Li. |
| 264 | 1 | |c 2014. | |
| 264 | 4 | |c 2014. | |
| 300 | |a xxvi, 215 leaves : |b colour illustrations ; |c 30cm. | ||
| 336 | |a text |2 rdacontent | ||
| 337 | |a unmediated |2 rdamedia | ||
| 338 | |a volume |2 rdacarrier | ||
| 502 | |b Ph.D. |c Department of Molecular Medicine, Faculty of Medicine, University of Malaya, |d 2014. | ||
| 504 | |a Bibliography: leaves 193-208. | ||
| 530 | |a Issued also in CD. | ||
| 650 | 1 | 2 | |a L-Amino Acid Oxidase |
| 650 | 1 | 2 | |a Cytotoxins |
| 710 | 2 | |a Universiti Malaya. |b Jabatan Perubatan Molekul. |e degree granting institution. | |
| 856 | 4 | 1 | |u http://studentsrepo.um.edu.my/id/eprint/4582 |
| 902 | |a AI | ||
| 596 | |a 2 25 | ||
| 999 | |a QU4 UM 2014 LEE |w NLM |c 1 |i A515679163 |d 17/5/2016 |f 17/5/2016 |g 1 |l TESIS |m P02MEDKL |r Y |s Y |t TESIS |u 30/10/2014 | ||
| 999 | |a QU4 UM 2014 LEE |w LC |c 1 |i A517142681 |d 16/10/2018 |f 16/10/2018 |g 1 |l STACKS |m P25UMARCHI |r N |s Y |t CD |u 15/10/2018 |1 STEM | ||
